000
00268nam a2200121 a 4500
001
4140
005
20140414132041.0
008
090218s19uu xx 00 eng d
050
_a
BB
_b
M27 2006
100
_a
Diego, Celine
245
_a
The Magic box.
999
_c
113868
_d
113868